00446 2200169 4500245003000000020002200030250001100052100001700063650002000080005001900100260004200119041001400161084000800175300002300183500006100206336000900267 aVoicecGhyna AmandahText a978-602-03-0947-7 aCet. 1 aGhyna Amanda aNovel Indonesia a20231005075636 aJakartabGramedia Pustaka Utamac2014 aIndonesia a813 a192 hlm. :c20 cm. a'' Ada yang bisa kami bantu?'' '' Nggg... gini, Mas...'' atext